00892nam a2200265 a 450000100060000000300080000600500170001400800410003102000150007203500190008704000270010604100080013308200270014110000240016824500440019226000480023630000290028450000200031350400320033365000460036565000490041194200120046099900170047295201370048965823BD-RjUL20211209081452.0170312s1984 caua b 001 0 eng  a0835931285 a(BD-RjUL)65953 aDLCcDLCdBD-RjULbeng aeng00a001.6424223bGRI 19841 aGrotke, Guy919464212aIntermediate Commodore 64 /cGuy Grotke aChatsworth, Ca. : bDatamost, Inc.,cc1984 a185 p. :bill. ;c24 cm. aIncludes index. aBibliography: p. [175]-176. aBASIC (Computer program language)9177088 aCommodore 64 (Computer)--Programming9194643 2ddccBK c65823d65823 00102ddc40718NFICaRUCLbRUCLcRared1985-09-04eAsia Foundationl0o001.6424 GRI 1984r2017-03-12 00:00:00tC-1w2017-03-12yBK